[Event "HUN-chT3"]
[Site "Hungary"]
[Date "1997.??.??"]
[Round "?"]
[White "Kundrak, Gabor"]
[Black "Szavcsur, Ferenc"]
[Result "1/2-1/2"]
[WhiteElo "2165"]
[BlackElo "2150"]
[PlyCount "91"]
[EventDate "1997.??.??"]
[EventType "team"]
[EventRounds "13"]
[EventCountry "HUN"]
[SourceTitle "EXT 2001"]
[Source "ChessBase"]
[SourceDate "2000.11.22"]
[SourceVersion "1"]
[SourceVersionDate "2000.11.22"]
[SourceQuality "1"]

1. d4 e6 2. c4 d5 3. g3 c6 4. Bg2 f5 5. Nf3 Bd6 6. 0-0 Nf6 7. Qc2 0-0 8. Nbd2 Ne4 9. b3 Nd7 10. Bb2 Qf6 11. Ne1 Qh6 12. Bc1 Qf6 13. Bb2 g5 14. Nd3 Qh6 15. Nf3 Qh5 16. Nfe5 Rf6 17. Bc1 Rh6 18. h4 f4 19. Bf3 Qe8 20. hxg5 Nxg5 21. Bxf4 Nh3+ 22. Kg2 Nxf4+ 23. Nxf4 Nxe5 24. dxe5 Bxe5 25. Rh1 Bxf4 26. gxf4 Rg6+ 27. Kf1 Qf8 28. f5 Qxf5 29. Qxf5 exf5 30. cxd5 Bd7 31. Rc1 Rc8 32. e3 Kg7 33. Rh5 cxd5 34. Rxc8 Bxc8 35. Bxd5 Rd6 36. Bc4 b6 37. Ke2 Kg6 38. Rh4 Be6 39. Bd3 h6 40. f4 Bd5 41. Rg4+ Kf6 42. Rg1 Rc6 43. Kd2 a5 44. Bb5 Rc5 45. Bd3 Rc8 46. Ke2 1/2-1/2

[Event "Nyiregyhaza op"]
[Site "Nyiregyhaza"]
[Date "1994.??.??"]
[Round "9"]
[White "Forgacs, Jozsef"]
[Black "Szavcsur, Ferenc"]
[Result "1-0"]
[WhiteElo "2305"]
[BlackElo "2265"]
[PlyCount "47"]
[EventDate "1994.07.??"]
[EventType "swiss"]
[EventRounds "9"]
[EventCountry "HUN"]
[SourceTitle "EXT 1998"]
[Source "ChessBase"]
[SourceDate "1997.11.17"]
[SourceVersion "1"]
[SourceVersionDate "1997.11.17"]
[SourceQuality "1"]

1. d4 e6 2. c4 d5 3. Nc3 c6 4. e4 dxe4 5. Nxe4 Nf6 6. Nxf6+ gxf6 7. Nf3 Bb4+ 8. Bd2 Qa5 9. a3 Bxd2+ 10. Qxd2 Qxd2+ 11. Kxd2 Nd7 12. b4 Rg8 13. g3 Ke7 14. Bd3 h6 15. Rhe1 b6 16. Be4 Bb7 17. c5 b5 18. Nh4 Kd8 19. a4 Kc7 20. axb5 cxb5 21. c6 Bxc6 22. Rec1 Nb8 23. Bxc6 Nxc6 24. Ra6 1-0

[Event "Nyiregyhaza op"]
[Site "Nyiregyhaza"]
[Date "1994.??.??"]
[Round "4"]
[White "Szavcsur, Ferenc"]
[Black "Krutti, Valer"]
[Result "0-1"]
[WhiteElo "2265"]
[BlackElo "2440"]
[PlyCount "72"]
[EventDate "1994.07.??"]
[EventType "swiss"]
[EventRounds "9"]
[EventCountry "HUN"]
[SourceTitle "EXT 1998"]
[Source "ChessBase"]
[SourceDate "1997.11.17"]
[SourceVersion "1"]
[SourceVersionDate "1997.11.17"]
[SourceQuality "1"]

1. d4 Nf6 2. Nf3 g6 3. Bg5 Bg7 4. Nbd2 0-0 5. c3 d6 6. e3 c5 7. Bd3 Nc6 8. Qc2 b6 9. 0-0-0 cxd4 10. exd4 Bd7 11. a3 Rc8 12. Ne4 Nxe4 13. Bxe4 b5 14. h4 Bg4 15. Bxc6 Rxc6 16. Qe4 Qc8 17. Qxe7 Re8 18. Qxa7 Ra6 19. Qxa6 Qxa6 20. Rhe1 Rxe1 21. Rxe1 h6 22. Re8+ Kh7 23. Bf4 b4 24. Re3 bxa3 25. bxa3 Qxa3+ 26. Kd2 d5 27. Be5 Qb2+ 28. Ke1 Bxe5 29. dxe5 Kg7 30. Kf1 Bxf3 31. gxf3 Kf8 32. Kg2 Ke7 33. Kg3 Qd2 34. Kg2 Ke6 35. Kg3 Kf5 36. Kg2 Qd1 0-1